000 01273cac a2200361 i 4500
003 EG-ScBUE
005 20240916102311.0
008 100923t2004 njua f d 001 0 eng d
020 _a0131230468
020 _a9780131230460
040 _aEG-ScBUE
_beng
_erda
_cEG-ScBUE
_dEG-ScBUE
082 0 4 _a511.6
_bKOL
_222
100 1 _aKolman, Bernard,
_d1932-
_eauthor.
_934919
245 1 0 _aDiscrete mathematical structures /
_cBernard Kolman, Drexel University, Robert C. Busby, Drexel University, Sharon Cutler Ross, Georgia Perumeter College.
250 _aFifth edition.
250 _aInternational edition.
264 1 _aUpper Saddle River :
_bPearson / Prentice-Hall,
_c[2004]
264 4 _cc2004
300 _a1 volume (various pagings) :
_billustrations ;
_c26 cm
336 _2rdacontent
_atext
_btxt
337 _aunmediated
_2rdamedia
_bn
338 _avolume
_bnc
_2rdacarrier
500 _aIncludes glossary.
500 _aIncludes index.
650 7 _aComputer science
_xMathematics.
_93550
_2BUEsh
651 _2BUEsh
653 _bCOMSCI
_bGGEN
_cJanuary2018
655 _vReading book
700 1 _aBusby, Robert C.,
_eauthor.
_95105
700 1 _aRoss, Sharon Cutler,
_d1943-
_eauthor.
_95106
942 _cBB
_2ddc
999 _c1220
_d1220